Patent office handbook (Record no. 498252)

000 -LEADER
fixed length control field 00353cam a22001097a 4500
008 - FIXED-LENGTH DATA ELEMENTS--GENERAL INFORMATION
fixed length control field 180718b xxu||||| |||| 00| 0 eng d
082 ## - DEWEY DECIMAL CLASSIFICATION NUMBER
Classification number U24x54 In2
245 ## - TITLE STATEMENT
Title Patent office handbook
Statement of responsibility, etc. by Ministry of Law, India
260 ## - PUBLICATION, DISTRIBUTION, ETC.
Place of publication, distribution, etc. Delhi
Name of publisher, distributor, etc. Manager of Publications
Date of publication, distribution, etc.
500 ## - GENERAL NOTE
General note Contents: Library has 1960, 10th ed, 1964, 12th ed
700 ## - ADDED ENTRY--PERSONAL NAME
Personal name India. Ministry of Law
Holdings
Withdrawn status Lost status Damaged status Not for loan Permanent Location Current Location Date acquired Full call number Barcode Date last seen Price effective from Koha item type
        Indian Institute of Public Administration Indian Institute of Public Administration 2018-08-04 U24x54 In2 G5668 2018-08-04 2018-08-04 G

Powered by Koha